Statistics for Divided Element Name Puzzle

Click here to take the quiz!

General Stats

  • This quiz has been taken 1,143 times
  • The average score is 13 of 18

Answer Stats

Element Name% Correct
PHOSPHORUSPhosphorus
90%
OXYGENOxygen
89%
HYDROGENHydrogen
87%
HELIUMHelium
85%
KRYPTONKrypton
84%
POTASSIUMPotassium
78%
EINSTEINIUMEinsteinium
76%
SILICONSilicon
75%
BROMINEBromine
72%
MANGANESEManganese
69%
IODINEIodine
68%
CHLORINEChlorine
63%
ARSENICArsenic
61%
MERCURYMercury
61%
ANTIMONYAntimony
57%
YTTERBIUMYtterbium
55%
PLATINUMPlatinum
54%
TENNESSINETennessine
41%

Score Distribution

Percentile by Number Answered

Percent of People with Each Score

Your Score History

You have not taken this quiz